000 00756nam a22002177a 4500
999 _c14200
_d14200
003 MIRAKIL
005 20201113161829.0
008 201113b tu ||||| |||| 00| 0 tur d
040 _aTR-AnCHP
_btur
_cTR-AnCHP
041 _atur
082 _aATA 956.1024
_bA72 1964
245 _aAtatürk konferansları I/
_cTürk Tarih Kurumu.
260 _aAnkara:
_bTürk Tarih Kurumu,
_c1964.
300 _a265 s.:
_bfotg.;
_c24 sm.
490 _aAtatürk Kültür, Dil ve Tarih Yüksek Kurumu Türk Tarih Kurumu yayınları ;
_vXVII. Dizi -Sa.1.
504 _aBibliyografik bilgi içerir.
600 _aAtatürk, Mustafa Kemal
_d1881-1938
_xkonferanslar
600 _aAtatürk, Mustafa Kemal
_d1881-1938
_xTarih
650 0 _aTürkiye
_94
_xTarih
942 _2ddc
_cBKS